Declaración de impacto ambiental Ref. N§ SA202-00104-1-1, Rev.0, enero 2005. Minera Las Cenizas S.A.: Proyecto de depositación de relaves espesados interior Mina Cabildo

-д хадгалсан:
Номзүйн дэлгэрэнгүй
Байгууллагын зохиогч: Knight Piésold S.A (Зохиогч)
Формат: Ном
Хэл сонгох:испани
Хэвлэсэн: Santiago Knight Piésold S.A 2005
Нөхцлүүд:
Шошгууд: Шошго нэмэх
Шошго байхгүй, Энэхүү баримтыг шошголох эхний хүн болох!

MARC

LEADER 00000nam a2200000 a 4500
001 UCK9975
003 CL-VaPUC
008 060623e20050100CL |||||||||||||||||spa|d
082 0 4 |a 363.731  |b KNI  |2 21 
110 2 |a Knight Piésold S.A  |e author  |9 499950 
245 1 0 |a Declaración de impacto ambiental Ref. N§ SA202-00104-1-1, Rev.0, enero 2005. Minera Las Cenizas S.A.: Proyecto de depositación de relaves espesados interior Mina Cabildo 
300 |a 67 p 
942 |c BK 
945 |d 20060623 00:00:00  |a cmena 
260 |a Santiago  |b Knight Piésold S.A  |c 2005 
500 |a Incluye anexos y planos 
600 0 7 |a MINERA DE LAS CENIZAS S.A  |2 CL-VaPUC  |9 499951 
650 0 |a Impacto ambiental  |9 262796 
650 7 |a EXPLOTACION MINERA  |2 CL-VaPUC  |9 394341 
650 0 |a Industria minera  |9 260256 
650 0 |a Contaminación ambiental  |9 314181 
650 0 |a Protección del medio ambiente  |9 257626 
651 7 |a CABILDO  |2 CL-VaPUC  |9 499952 
651 0 |a Región 05  |9 267528 
583 |a last modification  |c 20060623 00:00:00  |k Rodrigo Vera 
999 |c 316973  |d 316971 
952 |0 0  |1 0  |4 0  |6 363_731000000000000_KNI_2005  |7 0  |8 P  |9 392615  |a BIBING  |b BIBING  |d 2019-11-22  |i 4237986  |o 363.731 KNI 2005  |p 4237986  |r 2025-01-20  |w 2019-11-22  |y BK  |k CCL